Maruri Tour.
محفوظ في:
| المؤلف الرئيسي: | |
|---|---|
| التنسيق: | كتاب |
| منشور في: |
Santiago, Chile:
Máquina de Comunicar,
2013.
|
| الموضوعات: | |
| الوسوم: |
إضافة وسم
لا توجد وسوم, كن أول من يضع وسما على هذه التسجيلة!
|
MARC
| LEADER | 00000nam a22000007a 4500 | ||
|---|---|---|---|
| 003 | CL-VaPUC | ||
| 005 | 20250321101933.0 | ||
| 008 | 250124t2013 ||||| |||| 00| 0 eng d | ||
| 999 | |c 446809 |d 446807 | ||
| 020 | |a 978-956-8983-01-7 | ||
| 040 | |c Pontificia Universidad Católica de Valparaíso | ||
| 082 | |a 779.83 GOI 2013 | ||
| 100 | |9 537052 |a Goic, Andrea |e autora | ||
| 245 | |a Maruri Tour. | ||
| 260 | |a Santiago, Chile: |b Máquina de Comunicar, |c 2013. | ||
| 300 | |a 147 páginas: |b fotografías + |e 1 DVD-ROM. | ||
| 500 | |a c.1. Instituto Arcos.08-01-2025. | ||
| 501 | |a Esta edición contiene un disco DVD con "Las lágrimas de Heráclito", video proyectado en la casa del escritor José Leandro Urbina, calle Maruri esquina Cruz, en diciembre de 2013. | ||
| 583 | |c 20250124 |k Gabriela Rodríguez Cuevas | ||
| 650 | 0 | |9 268494 |a Fotografías |x Ciudades y barrios |z Santiago, Chile. | |
| 942 | |2 ddc |c BK |n 0 | ||
| 952 | |0 0 |1 0 |2 ddc |4 0 |6 779_830000000000000_GOI_2013 |7 0 |9 599913 |a BIBINC |b BIBINC |c GEN |d 2025-01-24 |e Instituto Arcos |i 5664802 |o 779.83 GOI 2013 |p 5664802 |r 2025-01-24 |t 1 |w 2025-01-24 |y BK |k IFP | ||